00815 2200253 4500001002100000005001700021008004100038020001800079035002400097082000800121090001500129100005500144245015400199250001100353260005900364300002200423500003100445650001800476700001900494850001200513980001500525985000600540999001500546YOGYA-0209000006508220090227040406.0 ind  a979-459-663-9 0010-020900000065082 a808 a808bInd S aINDONESIA. Pusat Pembinaan dan Pengembangan Bahasa aStruktur dan nilai budaya cerita wayangbhikayatgelaran pandu..cPusat Pembinaan dan Pengembangan Bahasa ; Muhammad Fawani ; penyunting Karim Biskoyo aCet. 1 aJakartabPusat Pembinaan dan Pengembangan Bahasac1996 ax, 201 hlmc21 cm aBibliografi : hlm. 200-201 aCerita Wayang aBiskoyo, Karim aYOPDYOG a18-09-2008 a1 a97A0027663